| 000 | 02529cam a2200325 4500 | ||
|---|---|---|---|
| 001 | 6122 | ||
| 010 | _a 2012015667 | ||
| 020 | _a9780521182935 (paperback) | ||
| 020 | _a9781107005198 (hardback) | ||
| 100 |
_aJohansson, Thomas B. _b _c _d _e _q |
||
| 245 | 0 | 0 |
_aGlobal Energy Assessment (GEA) / _ceditors, Thomas B. Johansson, Co-chair; Anand Patwardhan, Co-chair; Nebojsa Nakicenovic, Director; Luis Gomez-Echeverri, Associate Director. |
| 260 |
_aCambridge : _bCambridge University Press ; _aLaxenburg, Austria : _bInternational Institute for Applied Systems Analysis, _c2012. |
||
| 300 |
_axviii, 1865 pages : _billustrations (some color) ; _c29 cm |
||
| 336 |
_atext _2rdacontent |
||
| 337 |
_aunmediated _2rdamedia |
||
| 338 |
_avolume _2rdacarrier |
||
| 504 | _aIncludes bibliographical references and index. | ||
| 520 |
_a""The Global Energy Assessment (GEA) brings together over 300 international researchers to provide an independent, scientifically based, integrated and policy-relevant analysis of current and emerging energy issues and options. It has been peer-reviewed anonymously by an additional 200 international experts. The GEA assesses the major global challenges for sustainable development and their linkages to energy; the technologies and resources available for providing energy services; future energy systems that address the major challenges; and the policies and other measures that are needed to realize transformational change toward sustainable energy futures. The GEA goes beyond existing studies on energy issues by presenting a comprehensive and integrated analysis of energy challenges, opportunities and strategies, for developing, industrialized and emerging economies. This volume is an invaluable resource for energy specialists and technologists in all sectors (academia, industry and government) as well as policymakers, development economists and practitioners in international organizations and national governments""-- _cProvided by publisher. |
||
| 650 | 0 | _aEnergy development. | |
| 650 | 0 | _aEnergy policy. | |
| 650 | 0 | _aEnergy security. | |
| 650 | 0 | _aPower resources. | |
| 650 | 7 |
_aPOLITICAL SCIENCE / Public Policy / Environmental Policy. _2 |
|
| 700 | 1 | _aGomez-Echeverri, Luis. | |
| 700 | 1 |
_aJohansson, Thomas B., _d1943- |
|
| 700 | 1 | _aNakicenovic, Nebojsa. | |
| 700 | 1 |
_aPatwardhan, Anand _q(Anand Prabhakar) |
|
| 710 | 2 | _aInternational Institute for Applied Systems Analysis. | |
| 856 | 4 | 2 |
_3Cover image _uhttp://assets.cambridge.org/97811070/05198/cover/9781107005198.jpg |
| 999 |
_c5169 _d5169 |
||